Score 0/17 Timer 04:00
1 Play Today
Hint Answer % Correct
PU NI TEH IARUP IN T(H)E AIR
99.2%
TOIN EHT LWIDINTO TH(E) WILD
93.7%
DBA ASANT(B)AD SANTA
91.9%
KANESS NO A LAPNESNAKES ON A P(L)ANE
90.8%
STICYM ERVIRMYSTIC RIV(E)R
89.8%
ETLHO NWARDAHOTEL R(W)ANDA
80.8%
RBUEC LAIMGHYTBRUC(E) ALMIGHTY
76.8%
ORDA OT EPIRDITNOROAD TO PER(D)ITION
74.8%
TMAABN SINGEBBATMAN (B)EGINS
74%
Hint Answer % Correct
NMETMEOMEMEN(T)O
71%
ONDEIN KRADODONNIE DA(R)KO
65.3%
CAMIRANE HOSCYPAMERICAN PSYCH(O)
64.8%
IDUSTRIBADISTURB(I)A
60.7%
SUMOLGD IILAINLOEMRSLUMD(O)G MILLIONAIRE
39%
TALAORLELUITRATATOUI(L)LE
37.3%
*BONUS FILM FROM ( ) LETTERS*THERE WILL BE BLOOD
27.4%
ASCONI AROELYCASINO ROYA(L)E
18.9%

You're not logged in!

Compare scores with friends on all Sporcle quizzes.
OR
Log In

Sporcle TV

Today on Sporcle TV


Watch our educational content, quiz creation guides, and fun videos on Sporcle TV.

Show Comments

Extras

Top Quizzes Today


Score Distribution

Paid Content

Your Account Isn't Verified!

In order to create a playlist on Sporcle, you need to verify the email address you used during registration. Go to your Sporcle Settings to finish the process.

Report this User

Report this user for behavior that violates our Community Guidelines.

Details: